LAS CRISIS EN EL SISTEMA POLITICO MEXICANO: 1928-1977/

Tallennettuna:
Bibliografiset tiedot
Muut tekijät: Meyer, Lorenzo (autor) (autor)
Aineistotyyppi: Kirja
Sarja:CENTRO DE ESTUDIOS INTERNACIONALES; 19
Aiheet:
Tagit: Lisää tagi
Ei tageja, Lisää ensimmäinen tagi!

MARC

LEADER 00000nam^a2200000^a^4500
001 000224455
005 20250521000000.0
009 20260310104051.947
035 |a 043305 
037 |a Acervo Xavier Clavigero 
082 |a 320. 972  |b CRI 
245 1 4 |a LAS CRISIS EN EL SISTEMA POLITICO MEXICANO:  |b 1928-1977/  |c LORENZO MEYER ...[ ET. AL.] 
264 |a MEXICO :  |b EL COLEGIO DE MEXICO,  |c 1977 
300 |a 217p. 
336 |a texto  |b txt  |2 rdacontenido 
337 |a sin mediación  |b n  |2 rdamedio 
338 |a volumen  |b nc  |2 rdasoporte 
440 |a CENTRO DE ESTUDIOS INTERNACIONALES;  |v 19 
649 |a XX 
650 |a Política -  |z México 
650 |a Política -  |x Teoría 
700 |a Meyer, Lorenzo  |e (autor) 
910 |a Fondo General 
920 |a Impresos - Libros 
930 |a Colección General 
905 |a 101 
901 |a 043305  |b IT1  |c ACC  |i 043305  |u 20250521 
902 |a https://opac.biblio.iteso.mx/vufind/Record/000224455